000
00283nam a2200121Ia 4500
100
_a
Weiss/Mark Allen
250
_a
2
942
_c
BK
654
_a
datastructures
245
_a
Datastructures and algorithm Analysis in C++
260
_b
Pearson Education
_c
1999
546
_a
ENGLISH
999
_c
19329
_d
19329